| 000 | 00990cam a2200301 i 4500 | ||
|---|---|---|---|
| 001 | 24401 | ||
| 003 | Mx-PuUPA | ||
| 005 | 20250313105237.0 | ||
| 008 | 140415s2015 ag a gr 000 0 spa d | ||
| 020 | _a9789508939012 | ||
| 040 |
_aMx-PuUPA _bspa _cMx-PuUPA _dMx-PuUPA _erda |
||
| 041 | 0 | _aspa | |
| 100 | 1 |
_aAlfonseca, Manuel _eautor _916854 |
|
| 245 | 1 | 0 |
_aViajes hacia lo infinitamente pequeño y lo infinitamente grande / _cManuel Alfonseca |
| 250 | _a1a edición | ||
| 264 | 1 |
_aCiudad Autónoma de buenos Aires : _bEdiciones Logos, _c2015 |
|
| 300 |
_a236 páginas : _bilustraciones ; _c20 cm |
||
| 336 |
_2rdacontent _atexto _btxt |
||
| 337 |
_2rdamedia _asin medio _bn |
||
| 338 |
_2rdacarrier _avolumen _bnc |
||
| 490 | 0 |
_aColección De las ciencias a la filosofía ; _v2 |
|
| 650 | 7 |
_2armarc _aFísica _x |
|
| 650 | 7 |
_2armarc _aFilosofía |
|
| 650 | 7 |
_2armarc _aCosmología |
|
| 942 |
_2ddc _cLI _h523.1 _iA38 |
||
| 999 |
_c24401 _d24401 |
||